Hệ thống các văn bản hướng dẫn thực hiện luật kế toán - luật thống kê /
Luật số 03/2003/QH11 ngày 17 tháng 6 năm 2003; Nghị định số 128/2004/NĐ-CP ngày 31 tháng 5 năm 2004; Nghị định số 129/2004/NĐ-CP ngày 31 tháng 5 năm 2004...
Đã lưu trong:
| 企業作者: | |
|---|---|
| 格式: | 圖書 |
| 語言: | Vietnamese |
| 出版: |
Hà Nội :
Tài chính,
2004.
|
| 主題: | |
| 標簽: |
添加標簽
沒有標簽, 成為第一個標記此記錄!
|
| Thư viện lưu trữ: | Mạng thư viện Đại học Đà Nẵng |
|---|
| LEADER | 01421cam a2200385 a 4500 | ||
|---|---|---|---|
| 001 | 000044670 | ||
| 003 | 3077 | ||
| 005 | 20060512090946.0 | ||
| 008 | 010307b2004 vm 000 vie | ||
| 020 | |c 37000 | ||
| 040 | |a LRC |c LRC |d LRC | ||
| 041 | 1 | |a vie | |
| 082 | 1 | 4 | |a 346.597063 |b BÔ |
| 110 | 2 | |a Bộ Tài chính. | |
| 245 | 1 | 0 | |a Hệ thống các văn bản hướng dẫn thực hiện luật kế toán - luật thống kê / |c Bộ Tài chính. |
| 260 | |a Hà Nội : |b Tài chính, |c 2004. | ||
| 300 | |a 278 tr. ; |c 20,5 cm. | ||
| 520 | 3 | |a Luật số 03/2003/QH11 ngày 17 tháng 6 năm 2003; Nghị định số 128/2004/NĐ-CP ngày 31 tháng 5 năm 2004; Nghị định số 129/2004/NĐ-CP ngày 31 tháng 5 năm 2004... | |
| 630 | 0 | 4 | |a Kế toán. |
| 630 | 0 | 4 | |a Thống kê. |
| 630 | 0 | 4 | |a Luật pháp. |
| 650 | 0 | 4 | |a Luật kế toán |z Việt Nam. |
| 650 | 0 | 4 | |a Luật thống kê |z Việt Nam. |
| OWN | |a DUT | ||
| AVA | |a UDN50 |b DUT |c Book |d 346.597063 BÔ |e available |t Error 5001 Not defined in file expand_doc_bib_avail. |f 3 |g 0 |h N |i 0 |j SH |k 1 | ||
| 999 | |a From the UDN01 | ||
| AVA | |a UDN50 |b DUT |c Book |d 346.597063 BÔ |e available |t Error 5001 Not defined in file expand_doc_bib_avail. |f 3 |g 0 |h N |i 0 |j SH |k 1 | ||
| TYP | |a Monograph | ||
| TYP | |a Printed language | ||
| 980 | |a Mạng thư viện Đại học Đà Nẵng | ||